| 000 | 00542nam a2200193Ia 4500 | ||
|---|---|---|---|
| 005 | 20250923150048.0 | ||
| 008 | 008 250917s9999 xx 000 0 eng d | ||
| 037 | _aTextual | ||
| 040 |
_aDSWL _beng _cDSWL |
||
| 041 |
_aeng _2eng |
||
| 084 |
_aYX,3f4.2, N91;1 _qDSWL |
||
| 245 | 2 |
_aA century of blind welfare in India _cEd. by T. N. Kitchlu |
|
| 260 |
_aDelhi _bPenman Publication _c1991 |
||
| 300 | _a180p. | ||
| 365 |
_aINR _b230 |
||
| 925 | _g230 | ||
| 942 |
_cTEXL _hYX,3f4.2, N91;1 |
||
| 999 |
_c1459120 _d1459120 |
||